[Event "World Youth & Cadets Rapid Championships"]
[Site "Rhodes, Greece"]
[Date "2022.05.02"]
[Round "7.21"]
[White "Jalving, August"]
[Black "Shilon Rahav, Eliran"]
[Result "0-1"]
[TimeControl "10'/game & 5\"/move"]
[WhiteElo "1538"]
[BlackElo "1491"]

1. d4 {[%clk 00:10:07]} {[%emt 00:00:03]} d5 {[%clk 00:10:09]} {[%emt
00:00:02]} 2. Bf4 {[%clk 00:10:10]} {[%emt 00:00:01]} e6 {[%clk 00:10:13]}
{[%emt 00:00:01]} 3. Nf3 {[%clk 00:10:07]} {[%emt 00:00:08]} c5 {[%clk
00:10:07]} {[%emt 00:00:12]} 4. c3 {[%clk 00:10:11]} Nc6 {[%clk 00:10:08]}
{[%emt 00:00:04]} 5. e3 {[%clk 00:10:13]} {[%emt 00:00:03]} Nf6 {[%clk
00:10:09]} {[%emt 00:00:03]} 6. h3 {[%clk 00:10:11]} {[%emt 00:00:07]} Bd6
{[%clk 00:10:11]} {[%emt 00:00:03]} 7. Nbd2 {[%clk 00:10:08]} {[%emt 00:00:09]}
O-O {[%clk 00:10:04]} {[%emt 00:00:12]} 8. Bd3 {[%clk 00:09:51]} {[%emt
00:00:22]} b6 {[%clk 00:09:59]} {[%emt 00:00:10]} 9. O-O {[%clk 00:09:51]}
{[%emt 00:00:04]} Bb7 {[%clk 00:10:01]} {[%emt 00:00:03]} 10. Ne5 {[%clk
00:09:48]} {[%emt 00:00:08]} Ne7 {[%clk 00:10:03]} {[%emt 00:00:04]} 11. Ndf3
{[%clk 00:09:44]} {[%emt 00:00:10]} Ne4 {[%clk 00:10:01]} {[%emt 00:00:06]} 12.
Qc2 {[%clk 00:09:23]} {[%emt 00:00:26]} Nf5 {[%clk 00:09:40]} {[%emt 00:00:25]}
13. Bxe4 {[%clk 00:09:17]} {[%emt 00:00:12]} dxe4 {[%clk 00:09:41]} {[%emt
00:00:03]} 14. Ng5 {[%clk 00:08:59]} {[%emt 00:00:23]} Be7 {[%clk 00:06:21]}
{[%emt 00:03:25]} 15. Nxe4 {[%clk 00:08:13]} {[%emt 00:00:51]} g5 {[%clk
00:06:01]} {[%emt 00:00:25]} 16. g4 {[%clk 00:06:32]} {[%emt 00:01:46]} gxf4
{[%clk 00:04:54]} {[%emt 00:01:13]} 17. gxf5 {[%clk 00:06:36]} exf5 {[%clk
00:04:54]} {[%emt 00:00:05]} 18. Nd2 {[%clk 00:06:07]} {[%emt 00:00:34]} Qd5
{[%clk 00:03:21]} {[%emt 00:01:38]} 19. Nef3 {[%clk 00:05:32]} {[%emt
00:00:40]} Kh8 {[%clk 00:02:50]} {[%emt 00:00:36]} 20. exf4 {[%clk 00:04:34]}
{[%emt 00:01:02]} Rg8+ {[%clk 00:02:43]} {[%emt 00:00:13]} 21. Kh1 {[%clk
00:03:59]} {[%emt 00:00:40]} Qxf3+ {[%clk 00:02:34]} {[%emt 00:00:14]} 22. Nxf3
{[%clk 00:03:59]} {[%emt 00:00:05]} Bxf3+ {[%clk 00:02:37]} {[%emt 00:00:01]}
23. Kh2 {[%clk 00:04:03]} {[%emt 00:00:01]} Rg2+ {[%clk 00:02:40]} {[%emt
00:00:02]} 24. Kh1 {[%clk 00:04:07]} {[%emt 00:00:02]} Rxf2+ {[%clk 00:02:34]}
{[%emt 00:00:11]} 25. Kg1 {[%clk 00:04:11]} Rxc2 {[%clk 00:02:36]} {[%emt
00:00:02]} 26. Rxf3 {[%clk 00:04:14]} {[%emt 00:00:01]} Rxb2 {[%clk 00:02:35]}
{[%emt 00:00:07]} 27. d5 {[%clk 00:04:08]} {[%emt 00:00:11]} Rg8+ {[%clk
00:02:35]} {[%emt 00:00:05]} 28. Kf1 {[%clk 00:04:06]} {[%emt 00:00:07]} Rbg2
{[%clk 00:02:32]} {[%emt 00:00:07]} 29. Re1 {[%clk 00:03:54]} {[%emt 00:00:17]}
Rg1+ {[%clk 00:02:33]} {[%emt 00:00:04]} 30. Ke2 {[%clk 00:03:58]} {[%emt
00:00:01]} R8g2+ {[%clk 00:02:35]} {[%emt 00:00:03]} 31. Kd1 {[%clk 00:04:01]}
{[%emt 00:00:03]} Rxe1+ {[%clk 00:02:29]} {[%emt 00:00:11]} 32. Kxe1 {[%clk
00:04:05]} Rxa2 {[%clk 00:02:28]} {[%emt 00:00:07]} 33. Re3 {[%clk 00:03:59]}
{[%emt 00:00:10]} Bd6 {[%clk 00:02:28]} {[%emt 00:00:05]} 34. Re8+ {[%clk
00:04:03]} {[%emt 00:00:02]} Kg7 {[%clk 00:02:31]} 35. Rd8 {[%clk 00:04:07]}
Bxf4 {[%clk 00:02:31]} {[%emt 00:00:05]} 36. d6 {[%clk 00:04:11]} {[%emt
00:00:02]} Rd2 {[%clk 00:02:31]} {[%emt 00:00:04]} 37. d7 {[%clk 00:04:00]}
{[%emt 00:00:16]} Bg5 {[%clk 00:02:25]} {[%emt 00:00:11]} 38. Re8 {[%clk
00:03:53]} {[%emt 00:00:12]} Rxd7 {[%clk 00:02:28]} {[%emt 00:00:03]} 39. Re5
{[%clk 00:03:57]} {[%emt 00:00:01]} Re7 {[%clk 00:02:31]} {[%emt 00:00:01]} 40.
Rxe7 {[%clk 00:04:00]} {[%emt 00:00:02]} Bxe7 {[%clk 00:02:35]} {[%emt
00:00:01]} 41. Ke2 {[%clk 00:04:04]} Bf6 {[%clk 00:02:39]} {[%emt 00:00:01]} 42.
Kd3 {[%emt 00:00:03]} f4 {[%clk 00:02:41]} {[%emt 00:00:01]} 43. Ke4 {[%clk
00:04:11]} {[%emt 00:00:02]} Bxc3 {[%clk 00:02:45]} {[%emt 00:00:02]} 44. Kxf4
{[%clk 00:04:14]} {[%emt 00:00:01]} b5 {[%clk 00:02:49]} {[%emt 00:00:02]} 45.
Kg4 {[%clk 00:04:13]} {[%emt 00:00:05]} b4 {[%clk 00:02:53]} 46. Kf4 {[%clk
00:04:17]} b3 {[%clk 00:02:58]} 47. Kg4 {[%clk 00:04:21]} b2 {[%clk 00:03:02]}
{[%emt 00:00:02]} 48. Kf4 {[%emt 00:00:02]} b1=Q {[%clk 00:03:03]} {[%emt
00:00:03]} 49. Kg3 {[%clk 00:04:28]} Be5+ {[%clk 00:03:05]} {[%emt 00:00:04]}
50. Kf3 {[%clk 00:04:30]} {[%emt 00:00:03]} Qd3+ {[%clk 00:03:08]} {[%emt
00:00:02]} 51. Kg4 {[%clk 00:04:34]} Qe4+ {[%clk 00:03:09]} {[%emt 00:00:03]}
52. Kg5 {[%clk 00:04:37]} {[%emt 00:00:02]} Qg6+ {[%clk 00:03:09]} {[%emt
00:00:06]} 53. Kh4 {[%clk 00:04:40]} {[%emt 00:00:02]} Bg3# {[%clk 00:03:12]}
{[%emt 00:00:02]} 0-1

[Event "World Youth & Cadets Rapid Championships"]
[Site "Rhodes, Greece"]
[Date "2022.05.02"]
[Round "7.22"]
[White "Negrean, Andrei"]
[Black "Gabadadze, Gabriel"]
[Result "1-0"]
[TimeControl "10'/game & 5\"/move"]
[WhiteElo "1806"]
[BlackElo "1230"]

1. d4 {[%clk 00:10:04]} {[%emt 00:00:05]} Nf6 {[%clk 00:10:09]} {[%emt
00:00:01]} 2. Nf3 {[%clk 00:10:07]} {[%emt 00:00:02]} e6 {[%clk 00:10:14]} 3.
g3 {[%clk 00:10:08]} {[%emt 00:00:04]} c5 {[%clk 00:10:14]} {[%emt 00:00:04]} 4.
Bg2 {[%clk 00:10:08]} {[%emt 00:00:03]} cxd4 {[%clk 00:10:16]} {[%emt
00:00:04]} 5. O-O {[%clk 00:10:03]} {[%emt 00:00:09]} d5 {[%clk 00:10:19]}
{[%emt 00:00:03]} 6. Nxd4 {[%clk 00:10:05]} {[%emt 00:00:03]} e5 {[%clk
00:10:02]} {[%emt 00:00:22]} 7. Nb3 {[%clk 00:10:03]} {[%emt 00:00:07]} Nc6
{[%clk 00:10:03]} {[%emt 00:00:04]} 8. c4 {[%clk 00:09:57]} {[%emt 00:00:10]}
d4 {[%clk 00:10:01]} {[%emt 00:00:09]} 9. e3 {[%clk 00:08:54]} {[%emt
00:01:07]} Be6 {[%clk 00:08:16]} {[%emt 00:01:50]} 10. exd4 {[%clk 00:07:21]}
{[%emt 00:01:38]} exd4 {[%clk 00:06:21]} {[%emt 00:02:00]} 11. Bxc6+ {[%clk
00:02:48]} {[%emt 00:04:39]} bxc6 {[%clk 00:06:25]} 12. Nxd4 {[%clk 00:02:38]}
{[%emt 00:00:15]} Bc5 {[%clk 00:02:46]} {[%emt 00:03:43]} 13. Nxe6 {[%clk
00:02:16]} {[%emt 00:00:28]} fxe6 {[%clk 00:02:48]} {[%emt 00:00:02]} 14. Qe2
{[%clk 00:01:07]} {[%emt 00:01:13]} Qe7 {[%clk 00:02:36]} {[%emt 00:00:18]} 15.
Be3 {[%clk 00:00:40]} {[%emt 00:00:32]} Bxe3 {[%clk 00:02:32]} {[%emt
00:00:09]} 16. Qxe3 {[%clk 00:00:43]} {[%emt 00:00:02]} O-O {[%clk 00:02:34]}
{[%emt 00:00:03]} 17. Nc3 {[%clk 00:00:37]} {[%emt 00:00:11]} Rad8 {[%clk
00:02:22]} {[%emt 00:00:16]} 18. Rae1 {[%clk 00:00:31]} {[%emt 00:00:12]} Rde8
{[%clk 00:02:13]} {[%emt 00:00:15]} 19. Ne4 {[%clk 00:00:11]} {[%emt 00:00:24]}
Ng4 {[%clk 00:01:53]} {[%emt 00:00:25]} 20. Qg5 {[%clk 00:00:08]} {[%emt
00:00:08]} Qxg5 {[%clk 00:01:53]} {[%emt 00:00:05]} 21. Nxg5 {[%clk 00:00:13]}
e5 {[%clk 00:01:54]} {[%emt 00:00:04]} 22. f3 {[%clk 00:00:10]} {[%emt
00:00:07]} Nf6 {[%clk 00:01:56]} {[%emt 00:00:03]} 23. Ne4 {[%clk 00:00:15]}
Nd7 {[%clk 00:01:55]} {[%emt 00:00:06]} 24. b3 {[%clk 00:00:12]} {[%emt
00:00:07]} a5 {[%clk 00:01:56]} {[%emt 00:00:04]} 25. Rd1 {[%clk 00:00:15]}
{[%emt 00:00:02]} Nf6 {[%clk 00:01:46]} {[%emt 00:00:15]} 26. Rd6 {[%clk
00:00:10]} {[%emt 00:00:09]} Rc8 {[%clk 00:01:34]} {[%emt 00:00:18]} 27. Nxf6+
{[%clk 00:00:09]} {[%emt 00:00:07]} Rxf6 {[%clk 00:01:37]} {[%emt 00:00:02]} 28.
Rd7 {[%clk 00:00:09]} {[%emt 00:00:05]} Rcf8 {[%clk 00:01:36]} {[%emt
00:00:06]} 29. Kg2 {[%clk 00:00:12]} {[%emt 00:00:01]} g5 {[%clk 00:01:27]}
{[%emt 00:00:14]} 30. Rdd1 {[%clk 00:00:08]} {[%emt 00:00:09]} h6 {[%clk
00:01:24]} {[%emt 00:00:08]} 31. Rde1 {[%clk 00:00:10]} {[%emt 00:00:04]} Re8
{[%clk 00:01:16]} {[%emt 00:00:13]} 32. Re4 {[%emt 00:00:02]} Rd6 {[%clk
00:01:18]} {[%emt 00:00:02]} 33. Rf2 {[%clk 00:00:15]} {[%emt 00:00:03]} Kf7
{[%clk 00:01:13]} {[%emt 00:00:11]} 34. Rfe2 {[%clk 00:00:19]} Kf6 {[%clk
00:01:14]} {[%emt 00:00:03]} 35. Kf2 {[%clk 00:00:16]} {[%emt 00:00:07]} Rd1
{[%clk 00:00:37]} {[%emt 00:00:44]} 36. f4 {[%clk 00:00:12]} {[%emt 00:00:08]}
gxf4 {[%emt 00:00:02]} 37. gxf4 {[%emt 00:00:03]} Rg8 {[%clk 00:00:24]} {[%emt
00:00:12]} 38. Rxe5 {[%clk 00:00:11]} {[%emt 00:00:07]} Rgg1 {[%clk 00:00:17]}
{[%emt 00:00:12]} 39. Rxa5 {[%clk 00:00:09]} {[%emt 00:00:07]} Rgf1+ {[%clk
00:00:14]} {[%emt 00:00:07]} 40. Ke3 {[%clk 00:00:11]} {[%emt 00:00:02]} Rg1
{[%clk 00:00:07]} {[%emt 00:00:13]} 41. Rc5 {[%clk 00:00:09]} {[%emt 00:00:05]}
Rg7 {[%clk 00:00:00]} {[%emt 00:00:09]} 42. Ke4 {[%clk 00:10:05]} {[%emt
00:00:05]} 1-0

[Event "World Youth & Cadets Rapid Championships"]
[Site "Rhodes, Greece"]
[Date "2022.05.02"]
[Round "7.23"]
[White "Golubovic, Erik"]
[Black "Sarthak, Deshpande"]
[Result "1/2-1/2"]
[TimeControl "10'/game & 5\"/move"]
[WhiteElo "1436"]
[BlackElo "1046"]

1. e4 {[%clk 00:10:08]} {[%emt 00:00:02]} c6 {[%clk 00:10:10]} 2. d4 {[%clk
00:10:11]} {[%emt 00:00:02]} d5 {[%clk 00:10:13]} {[%emt 00:00:02]} 3. exd5
{[%clk 00:10:15]} {[%emt 00:00:02]} cxd5 {[%clk 00:10:16]} {[%emt 00:00:02]} 4.
Bd3 {[%clk 00:10:18]} Nf6 {[%clk 00:10:19]} 5. h3 {[%clk 00:10:20]} {[%emt
00:00:05]} g6 {[%clk 00:10:22]} 6. Nf3 {[%clk 00:10:22]} {[%emt 00:00:06]} Bg7
{[%clk 00:10:25]} 7. O-O {[%clk 00:10:24]} {[%emt 00:00:04]} O-O {[%clk
00:10:22]} 8. Re1 {[%clk 00:10:26]} {[%emt 00:00:11]} Nc6 {[%clk 00:10:16]} 9.
c3 {[%clk 00:10:30]} {[%emt 00:00:13]} Bf5 {[%clk 00:10:04]} 10. Bf1 {[%clk
00:10:32]} {[%emt 00:00:19]} Ne4 {[%clk 00:09:53]} {[%emt 00:00:16]} 11. Nbd2
{[%clk 00:10:30]} {[%emt 00:00:07]} Rc8 {[%clk 00:09:35]} {[%emt 00:00:24]} 12.
Nxe4 {[%clk 00:08:08]} {[%emt 00:02:26]} Bxe4 {[%clk 00:09:33]} {[%emt
00:00:06]} 13. Nd2 {[%clk 00:08:11]} {[%emt 00:00:03]} Bf5 {[%clk 00:09:24]}
{[%emt 00:00:14]} 14. Nf3 {[%clk 00:07:40]} {[%emt 00:00:35]} Qc7 {[%clk
00:09:05]} {[%emt 00:00:25]} 15. Bg5 {[%clk 00:07:18]} {[%emt 00:00:27]} f6
{[%clk 00:08:49]} {[%emt 00:00:21]} 16. Bh4 {[%clk 00:07:19]} {[%emt 00:00:03]}
Qd7 {[%clk 00:08:11]} {[%emt 00:00:44]} 17. Bg3 {[%clk 00:06:51]} {[%emt
00:00:32]} Rfe8 {[%clk 00:07:59]} {[%emt 00:00:18]} 18. Bb5 {[%clk 00:05:24]}
{[%emt 00:01:32]} a6 {[%clk 00:07:44]} {[%emt 00:00:20]} 19. Ba4 {[%clk
00:05:28]} b5 {[%clk 00:07:39]} {[%emt 00:00:11]} 20. Bb3 {[%clk 00:05:32]} Na5
{[%clk 00:07:16]} {[%emt 00:00:27]} 21. Bh2 {[%clk 00:05:05]} {[%emt 00:00:32]}
Nc4 {[%clk 00:06:57]} {[%emt 00:00:24]} 22. Qe2 {[%clk 00:05:06]} {[%emt
00:00:03]} Be4 {[%clk 00:06:21]} {[%emt 00:00:42]} 23. Nd2 {[%clk 00:04:24]}
{[%emt 00:00:47]} Nxd2 {[%clk 00:05:37]} {[%emt 00:00:48]} 24. Qxd2 {[%emt
00:00:09]} Kh8 {[%clk 00:05:25]} {[%emt 00:00:16]} 25. a4 {[%clk 00:03:31]}
{[%emt 00:00:56]} e5 {[%clk 00:05:11]} {[%emt 00:00:19]} 26. dxe5 {[%clk
00:03:27]} {[%emt 00:00:08]} Qc6 {[%clk 00:04:50]} {[%emt 00:00:26]} 27. exf6
{[%clk 00:02:59]} {[%emt 00:00:34]} Bxf6 {[%clk 00:04:44]} {[%emt 00:00:11]} 28.
Bc2 {[%clk 00:02:58]} {[%emt 00:00:06]} Bxc2 {[%clk 00:04:25]} {[%emt
00:00:24]} 29. Qxc2 {[%clk 00:03:00]} {[%emt 00:00:03]} d4 {[%clk 00:04:26]}
{[%emt 00:00:04]} 30. axb5 {[%clk 00:02:43]} {[%emt 00:00:22]} axb5 {[%clk
00:04:26]} {[%emt 00:00:05]} 31. Rxe8+ {[%clk 00:02:21]} {[%emt 00:00:27]} Rxe8
{[%clk 00:04:23]} {[%emt 00:00:07]} 32. Rc1 {[%clk 00:02:18]} {[%emt 00:00:09]}
dxc3 {[%clk 00:04:20]} {[%emt 00:00:08]} 33. bxc3 {[%clk 00:02:21]} {[%emt
00:00:02]} Qxc3 {[%clk 00:04:10]} {[%emt 00:00:15]} 34. Qd1 {[%clk 00:01:32]}
{[%emt 00:00:53]} Qa5 {[%clk 00:03:47]} {[%emt 00:00:28]} 35. Bg3 {[%clk
00:01:29]} {[%emt 00:00:08]} b4 {[%clk 00:03:37]} {[%emt 00:00:16]} 36. Qd7
{[%clk 00:01:24]} {[%emt 00:00:09]} Qd8 {[%clk 00:03:29]} {[%emt 00:00:13]} 37.
Qb7 {[%clk 00:00:57]} {[%emt 00:00:32]} Qe7 {[%clk 00:02:56]} {[%emt 00:00:38]}
38. Rc7 {[%clk 00:00:50]} {[%emt 00:00:12]} Qe1+ {[%clk 00:02:55]} {[%emt
00:00:07]} 39. Kh2 {[%clk 00:00:55]} Re7 {[%clk 00:02:58]} {[%emt 00:00:02]} 40.
Qc6 {[%clk 00:00:26]} {[%emt 00:00:34]} Qe6 {[%clk 00:02:25]} {[%emt 00:00:38]}
41. Qa8+ {[%clk 00:00:18]} {[%emt 00:00:13]} Kg7 {[%clk 00:02:27]} {[%emt
00:00:03]} 42. Rc8 {[%clk 00:00:16]} {[%emt 00:00:07]} b3 {[%clk 00:02:24]}
{[%emt 00:00:08]} 43. Rb8 {[%clk 00:00:20]} b2 {[%clk 00:02:22]} {[%emt
00:00:06]} 44. Qa3 {[%clk 00:00:23]} {[%emt 00:00:02]} Qe2 {[%clk 00:01:41]}
{[%emt 00:00:46]} 45. Qb3 {[%clk 00:00:18]} {[%emt 00:00:10]} Qe6 {[%clk
00:01:37]} {[%emt 00:00:09]} 46. Qa3 {[%clk 00:00:19]} {[%emt 00:00:05]} Qe4
{[%clk 00:01:18]} {[%emt 00:00:23]} 47. Rxb2 {[%clk 00:00:19]} {[%emt
00:00:06]} Bxb2 {[%clk 00:01:17]} {[%emt 00:00:06]} 48. Qxb2+ {[%clk 00:00:23]}
Kg8 {[%clk 00:01:07]} {[%emt 00:00:14]} 49. Qb3+ {[%clk 00:00:26]} {[%emt
00:00:02]} Qe6 {[%clk 00:01:10]} {[%emt 00:00:03]} 50. Qxe6+ {[%clk 00:00:29]}
{[%emt 00:00:02]} Rxe6 {[%clk 00:01:14]} {[%emt 00:00:02]} 51. Bf4 {[%clk
00:00:31]} {[%emt 00:00:02]} Kf7 {[%clk 00:01:13]} {[%emt 00:00:06]} 52. g3
{[%clk 00:00:33]} {[%emt 00:00:03]} Re2 {[%clk 00:01:17]} {[%emt 00:00:02]} 53.
Kg2 {[%clk 00:00:37]} Kf6 {[%clk 00:01:19]} {[%emt 00:00:03]} 54. h4 {[%clk
00:00:40]} Kf5 {[%clk 00:01:20]} {[%emt 00:00:05]} 55. Kf3 {[%clk 00:00:43]}
{[%emt 00:00:02]} Ra2 {[%clk 00:01:23]} {[%emt 00:00:02]} 56. Be3 {[%clk
00:00:43]} {[%emt 00:00:05]} Ra3 {[%clk 00:01:26]} {[%emt 00:00:03]} 57. Kg2
{[%emt 00:00:08]} h5 {[%clk 00:01:28]} 58. Kf3 {[%clk 00:00:45]} Rc3 {[%clk
00:01:29]} {[%emt 00:00:04]} 59. Kg2 {[%clk 00:00:43]} {[%emt 00:00:06]} Ke4
{[%clk 00:01:29]} {[%emt 00:00:05]} 60. Bg5 {[%clk 00:00:45]} {[%emt 00:00:04]}
Rc2 {[%clk 00:01:29]} {[%emt 00:00:05]} 61. Be3 {[%clk 00:00:48]} {[%emt
00:00:01]} Re2 {[%clk 00:01:30]} {[%emt 00:00:04]} 62. Bc5 {[%clk 00:00:41]}
{[%emt 00:00:11]} Rc2 {[%clk 00:01:17]} {[%emt 00:00:18]} 63. Be3 {[%clk
00:00:44]} {[%emt 00:00:02]} Rc3 {[%clk 00:01:03]} {[%emt 00:00:19]} 64. Bg5
{[%clk 00:00:43]} {[%emt 00:00:06]} Rf3 {[%clk 00:01:00]} {[%emt 00:00:07]} 65.
Be7 {[%clk 00:00:41]} {[%emt 00:00:07]} Rf7 {[%clk 00:00:55]} {[%emt 00:00:10]}
66. Bg5 {[%clk 00:00:44]} {[%emt 00:00:03]} Kd3 {[%clk 00:00:58]} {[%emt
00:00:02]} 67. Bd8 {[%clk 00:00:45]} {[%emt 00:00:03]} Ke2 {[%clk 00:01:00]} 68.
Bb6 {[%clk 00:00:48]} {[%emt 00:00:05]} Rf5 {[%clk 00:01:00]} 69. Ba7 {[%clk
00:00:48]} g5 {[%clk 00:01:00]} 70. hxg5 {[%clk 00:00:48]} Rxg5 {[%clk
00:01:00]} 71. Be3 {[%clk 00:00:48]} Rf5 {[%clk 00:01:00]} 72. Ba7 {[%clk
00:00:38]} {[%emt 00:00:46]} Rg5 {[%clk 00:00:45]} 1/2-1/2

[Event "World Youth & Cadets Rapid Championships"]
[Site "Rhodes, Greece"]
[Date "2022.05.02"]
[Round "7.24"]
[White "Kalinin, Oleg"]
[Black "Mansurov, Yusuf"]
[Result "0-1"]
[TimeControl "10'/game & 5\"/move"]
[WhiteElo "1455"]
[BlackElo "1848"]

1. e4 {[%clk 00:10:08]} {[%emt 00:00:01]} c6 {[%clk 00:10:09]} {[%emt
00:00:01]} 2. d4 {[%clk 00:10:11]} {[%emt 00:00:02]} d5 {[%clk 00:10:13]} 3.
exd5 {[%clk 00:10:15]} cxd5 {[%clk 00:10:17]} {[%emt 00:00:01]} 4. c4 {[%clk
00:10:19]} Nf6 {[%clk 00:10:21]} {[%emt 00:00:02]} 5. Nc3 {[%clk 00:10:23]}
{[%emt 00:00:02]} e6 {[%clk 00:10:25]} 6. Nf3 {[%clk 00:10:16]} {[%emt
00:00:11]} Bb4 {[%clk 00:10:09]} {[%emt 00:00:20]} 7. a3 {[%clk 00:10:14]}
{[%emt 00:00:07]} Bxc3+ {[%clk 00:10:03]} {[%emt 00:00:10]} 8. bxc3 {[%clk
00:10:17]} {[%emt 00:00:04]} O-O {[%clk 00:09:50]} {[%emt 00:00:17]} 9. Bg5
{[%clk 00:09:56]} {[%emt 00:00:15]} h6 {[%clk 00:09:48]} {[%emt 00:00:17]} 10.
Bh4 {[%clk 00:10:00]} {[%emt 00:00:02]} Nbd7 {[%clk 00:09:47]} {[%emt
00:00:07]} 11. Bd3 {[%clk 00:09:54]} {[%emt 00:00:10]} Qc7 {[%clk 00:09:13]}
{[%emt 00:00:39]} 12. Bg3 {[%clk 00:08:16]} {[%emt 00:01:43]} Qc6 {[%clk
00:08:47]} {[%emt 00:00:30]} 13. c5 {[%clk 00:08:08]} {[%emt 00:00:14]} b6
{[%clk 00:08:35]} {[%emt 00:00:17]} 14. Bd6 {[%clk 00:07:44]} {[%emt 00:00:29]}
Re8 {[%clk 00:08:33]} {[%emt 00:00:07]} 15. Ne5 {[%clk 00:07:09]} {[%emt
00:00:39]} Nxe5 {[%clk 00:08:31]} {[%emt 00:00:09]} 16. Bxe5 {[%clk 00:07:10]}
{[%emt 00:00:03]} Nd7 {[%clk 00:08:20]} {[%emt 00:00:17]} 17. O-O {[%clk
00:05:40]} {[%emt 00:01:34]} Nxe5 {[%clk 00:08:10]} {[%emt 00:00:16]} 18. dxe5
{[%clk 00:05:44]} {[%emt 00:00:01]} Qxc5 {[%clk 00:08:09]} {[%emt 00:00:06]} 19.
Qc2 {[%clk 00:05:32]} {[%emt 00:00:17]} Bb7 {[%clk 00:08:01]} {[%emt 00:00:12]}
20. a4 {[%clk 00:05:13]} {[%emt 00:00:24]} Rac8 {[%clk 00:07:57]} {[%emt
00:00:09]} 21. Rfc1 {[%clk 00:04:38]} {[%emt 00:00:40]} Red8 {[%clk 00:07:44]}
{[%emt 00:00:18]} 22. Qe2 {[%clk 00:04:12]} {[%emt 00:00:29]} d4 {[%clk
00:05:42]} {[%emt 00:02:10]} 23. c4 {[%clk 00:03:52]} {[%emt 00:00:25]} a6
{[%clk 00:05:11]} {[%emt 00:00:35]} 24. Bc2 {[%clk 00:03:05]} {[%emt 00:00:52]}
Kf8 {[%clk 00:04:19]} {[%emt 00:00:58]} 25. Bb1 {[%clk 00:02:40]} {[%emt
00:00:30]} b5 {[%clk 00:03:39]} {[%emt 00:00:45]} 26. axb5 {[%clk 00:02:19]}
{[%emt 00:00:26]} axb5 {[%clk 00:03:42]} {[%emt 00:00:02]} 27. Ba2 {[%clk
00:02:19]} {[%emt 00:00:04]} d3 {[%clk 00:03:18]} {[%emt 00:00:29]} 28. Qb2
{[%clk 00:01:52]} {[%emt 00:00:32]} d2 {[%clk 00:03:02]} {[%emt 00:00:21]} 29.
Rd1 {[%clk 00:01:42]} {[%emt 00:00:15]} Qc6 {[%clk 00:02:35]} {[%emt 00:00:32]}
30. f3 {[%clk 00:01:22]} {[%emt 00:00:23]} bxc4 {[%clk 00:02:15]} {[%emt
00:00:26]} 31. Rxd2 {[%clk 00:01:16]} {[%emt 00:00:10]} c3 {[%clk 00:02:05]}
{[%emt 00:00:16]} 32. Rxd8+ {[%clk 00:01:20]} {[%emt 00:00:01]} Rxd8 {[%clk
00:02:09]} {[%emt 00:00:01]} 33. Qb4+ {[%clk 00:01:14]} {[%emt 00:00:11]} Kg8
{[%clk 00:02:12]} {[%emt 00:00:02]} 34. Rc1 {[%clk 00:01:15]} {[%emt 00:00:03]}
c2 {[%clk 00:01:26]} {[%emt 00:00:52]} 35. Qb3 {[%clk 00:01:18]} Rc8 {[%clk
00:01:24]} {[%emt 00:00:08]} 36. Qd3 {[%clk 00:01:07]} {[%emt 00:00:16]} Ba6
{[%clk 00:01:14]} {[%emt 00:00:16]} 37. Qd2 {[%clk 00:01:00]} {[%emt 00:00:11]}
Qa4 {[%clk 00:01:04]} {[%emt 00:00:14]} 38. Ra1 {[%clk 00:00:46]} {[%emt
00:00:19]} Bc4 {[%clk 00:00:39]} {[%emt 00:00:30]} 39. Qc3 {[%emt 00:00:59]}
Ra8 {[%clk 00:00:18]} 40. Qb2 {[%clk 00:00:08]} {[%emt 00:00:15]} Bxa2 {[%clk
00:00:18]} {[%emt 00:00:04]} 41. Qc1 {[%clk 00:00:09]} {[%emt 00:00:04]} Qc6
{[%clk 00:00:10]} {[%emt 00:00:12]} 42. Kh1 {[%clk 00:00:09]} {[%emt 00:00:06]}
Bb3 {[%emt 00:00:06]} 43. Rxa8+ {[%clk 00:00:08]} {[%emt 00:00:04]} Qxa8 {[%clk
00:00:15]} {[%emt 00:00:02]} 44. Qb2 {[%clk 00:00:13]} Qc6 {[%clk 00:00:17]}
{[%emt 00:00:03]} 45. Qc1 {[%clk 00:00:17]} Qc3 {[%clk 00:00:20]} {[%emt
00:00:02]} 46. Kg1 {[%clk 00:00:18]} {[%emt 00:00:04]} Qd3 {[%clk 00:00:23]}
{[%emt 00:00:01]} 0-1